Northern Quiz - Statistics

General Stats
  • This quiz has been taken 11 times
  • The average score is 14 of 20
Answer Stats
Hint Answer % Correct
4) This continent includes Canada, US, the Caribbean, and the central countries North America
100%
3) AKA the Aurora Borealis Northern Lights
100%
11) Auckland is on this side ofNew Zealand North Island
100%
2) Run by Kim Jong Un North Korea
100%
5) Santa Claus lives here North Pole
100%
15) Rough sea between Scotlandand Norway North Sea
100%
1) The Tarheel state North Carolina
91%
16) Belfast is its capital Northern Ireland
91%
10) An American clothing brand orthe Tibetan side of Everest North Face
91%
8) Its capital is Bismarck North Dakota
73%
13) Its capital is Skopje North Macedonia
73%
7) Prestigious Chicago university Northwestern
73%
6) What NATO stands for North Atlantic Treaty Organization
64%
12) Darwin is the capital of thisAustralian region Northern Territory
64%
18) Rural subdivision of Canada, its capital is Yellowknife Northwest Territories
55%
19) County in England on the eastcoast near the border with Scotland Northumberland
45%
20) Wrexham and Snowdonia are featuresin this UK region North Wales
45%
9) Research university in Boston Northeastern
27%
17) South African province borderingNamibia Northern Cape
18%
14) Barrow and Prudhoe Bay aretowns in this sparse Alaskan region North Slope
18%
No matching quizzes found
Score Distribution
Percent of People with Each Score
Percentile by Number Answered
Your Score History
You have not taken this quiz